000 00647nam a2200229Ia 4500
003 OSt
005 20220926014436.0
006 a|||||r|||| 00| 0
007 ta
008 220923b |||||||| |||| 00| 0 eng d
037 _cGeneral Book
040 _aRTL
_cRTL
_beng
041 _2eng
_aeng
082 _aD6,9(B), L1
100 _aDreyfus Hubert L
_977752
245 0 _aWhat computers can't b
_b A critique of artificaial
260 _aNew York
_bMcGraw Hill USA
_c1972
300 _axxxv, 259p.
_ccm.
650 _aComputer Science
942 _hD6,9(B), L1
_cGB
_2CC
999 _c629031
_d629031